|
|
|
|
| LEADER |
00000cam a22000004a 4500 |
| 001 |
musev2_75962 |
| 003 |
MdBmJHUP |
| 005 |
20230905051838.0 |
| 006 |
m o d |
| 007 |
cr||||||||nn|n |
| 008 |
061016s2006 mau o 00 0 eng d |
| 010 |
|
|
|z 2006033936
|
| 020 |
|
|
|a 9781611687699
|
| 020 |
|
|
|z 9781584656005
|
| 035 |
|
|
|a (OCoLC)897117248
|
| 040 |
|
|
|a MdBmJHUP
|c MdBmJHUP
|
| 100 |
1 |
|
|a Sheppard, Eugene R.
|
| 245 |
1 |
0 |
|a Leo Strauss and the Politics of Exile :
|b The Making of a Political Philosopher /
|c Eugene R. Sheppard.
|
| 250 |
|
|
|a 1st ed.
|
| 264 |
|
1 |
|a Hanover :
|b Published by University Press of New England,
|c 2006.
|
| 264 |
|
3 |
|a Baltimore, Md. :
|b Project MUSE,
|c 2021
|
| 264 |
|
4 |
|c ©2006.
|
| 300 |
|
|
|a 1 online resource (191 pages).
|
| 336 |
|
|
|a text
|b txt
|2 rdacontent
|
| 337 |
|
|
|a computer
|b c
|2 rdamedia
|
| 338 |
|
|
|a online resource
|b cr
|2 rdacarrier
|
| 490 |
0 |
|
|a The Tauber Institute for the Study of European Jewry series
|
| 505 |
0 |
|
|a Antisemitism and neo-Kantianism : from Kirchhain to Marburg (1899-1920) -- The formation of a Weimar conservative Jew (1921-1932) -- European exile and reorientation (1932-1937) -- Persecution and the art of writing : the New York years (1938-1948) -- Conclusion : looking back on Weimar and the politics of exile.
|
| 520 |
8 |
|
|a Sheppard follows Strauss from Europe to the United States, a journey of a conservative Weimar Jew struggling with modern liberalism and the existential and political contours of exile."--Jacket.
|
| 520 |
1 |
|
|a "This is the first study to frame Strauss's political philosophy around his critique of liberalism and the problem of exile.
|
| 588 |
|
|
|a Description based on print version record.
|
| 600 |
1 |
7 |
|a Strauss, Leo.
|2 swd
|
| 600 |
1 |
7 |
|a Strauss, Leo.
|2 nli
|
| 600 |
1 |
7 |
|a Strauss, Leo.
|2 fast
|0 (OCoLC)fst00039644
|
| 600 |
1 |
0 |
|a Strauss, Leo.
|
| 650 |
|
7 |
|a Politisk filosofi.
|2 sao
|
| 650 |
|
7 |
|a Judiska flyktingar
|z Förenta staterna
|v biografi.
|2 sao
|
| 650 |
|
7 |
|a Judiska filosofer
|z Förenta staterna
|v biografi.
|2 sao
|
| 650 |
|
7 |
|a Judiska filosofer
|z Tyskland
|v biografi.
|2 sao
|
| 650 |
|
7 |
|a Political science
|x Philosophy.
|2 nli
|
| 650 |
|
7 |
|a Jews, German
|z United States
|v Biography.
|2 nli
|
| 650 |
|
7 |
|a Jewish refugees
|z United States
|v Biography.
|2 nli
|
| 650 |
|
7 |
|a Jews
|z Germany
|v Biography.
|2 nli
|
| 650 |
|
7 |
|a Jewish philosophers
|z United States
|v Biography.
|2 nli
|
| 650 |
|
7 |
|a Jewish philosophers
|z Germany
|v Biography.
|2 nli
|
| 650 |
1 |
7 |
|a Ballingschap.
|2 gtt
|
| 650 |
1 |
7 |
|a Liberalisme.
|2 gtt
|
| 650 |
1 |
7 |
|a Joodse filosofie.
|2 gtt
|
| 650 |
1 |
7 |
|a Politieke filosofie.
|2 gtt
|
| 650 |
|
7 |
|a Politische Philosophie
|2 gnd
|
| 650 |
|
7 |
|a Exil
|2 gnd
|
| 650 |
|
7 |
|a Political science
|x Philosophy.
|2 fast
|0 (OCoLC)fst01069819
|
| 650 |
|
7 |
|a Jews, German.
|2 fast
|0 (OCoLC)fst00983458
|
| 650 |
|
7 |
|a Jews.
|2 fast
|0 (OCoLC)fst00983135
|
| 650 |
|
7 |
|a Jewish refugees.
|2 fast
|0 (OCoLC)fst01730523
|
| 650 |
|
7 |
|a Jewish philosophers.
|2 fast
|0 (OCoLC)fst00982887
|
| 650 |
|
0 |
|a Political science
|x Philosophy.
|
| 650 |
|
0 |
|a Jews, German
|z United States
|v Biography.
|
| 650 |
|
0 |
|a Jewish refugees
|z United States
|v Biography.
|
| 650 |
|
0 |
|a Jews
|z Germany
|v Biography.
|
| 650 |
|
0 |
|a Jewish philosophers
|z United States
|v Biography.
|
| 650 |
|
0 |
|a Jewish philosophers
|z Germany
|v Biography.
|
| 651 |
|
7 |
|a United States.
|2 fast
|0 (OCoLC)fst01204155
|
| 651 |
|
7 |
|a Germany.
|2 fast
|0 (OCoLC)fst01210272
|
| 655 |
|
7 |
|a Biographies.
|2 fast
|0 (OCoLC)fst01919896
|
| 655 |
|
7 |
|a Electronic books.
|2 local
|
| 710 |
2 |
|
|a Project Muse.
|e distributor
|
| 830 |
|
0 |
|a Book collections on Project MUSE.
|
| 856 |
4 |
0 |
|z Texto completo
|u https://projectmuse.uam.elogim.com/book/75962/
|
| 945 |
|
|
|a Project MUSE - Custom Collection
|
| 945 |
|
|
|a Project MUSE - Archive Complete Supplement IX
|
| 945 |
|
|
|a Project MUSE - Archive Philosophy and Religion Supplement IX
|